[Event "Geneve op 24th"]
[Site "Geneve"]
[Date "2008.01.19"]
[Round "1"]
[White "Deluermoz, Francois"]
[Black "Leidner, Stephane"]
[Result "1-0"]
[WhiteElo "1817"]
[BlackElo "1581"]
[PlyCount "39"]
[EventDate "2008.01.19"]
[EventType "swiss"]
[EventRounds "9"]
[EventCountry "SUI"]
[SourceTitle "CBM 122 Extra"]
[Source "ChessBase"]
[SourceDate "2008.03.04"]
[SourceVersion "1"]
[SourceVersionDate "2008.03.04"]
[SourceQuality "1"]

1. d4 d5 2. c4 e6 3. Nf3 Nf6 4. Nc3 c6 5. e3 Qa5 6. Bd2 Bb4 7. Bd3 dxc4 8. Bxc4 0-0 9. 0-0 Qc7 10. Rc1 Bd6 11. Qe2 Nbd7 12. Rfd1 Re8 13. e4 e5 14. d5 Nb6 15. dxc6 Qxc6 16. Bb5 Qc7 17. Bxe8 Nxe8 18. Nb5 Qe7 19. Nxd6 Nxd6 20. Bb4 1-0

[Event "Lausanne op"]
[Site "Lausanne"]
[Date "2004.09.17"]
[Round "1"]
[White "Petrosian, Tigran L"]
[Black "Deluermoz, Francois"]
[Result "1-0"]
[WhiteElo "2537"]
[BlackElo "1897"]
[PlyCount "65"]
[EventDate "2004.09.17"]
[EventType "swiss"]
[EventRounds "7"]
[EventCountry "SUI"]
[SourceTitle "CBM 102 Extra"]
[Source "ChessBase"]
[SourceDate "2004.11.03"]
[SourceVersion "1"]
[SourceVersionDate "2004.11.03"]
[SourceQuality "1"]

1. e4 c5 2. Nc3 Nc6 3. Bb5 a6 4. Bxc6 bxc6 5. d3 Nf6 6. f4 e6 7. Nf3 Be7 8. 0-0 a5 9. b3 Ba6 10. Qe1 Qc7 11. e5 Nd5 12. Na4 Bb7 13. Bd2 0-0 14. c4 Nb4 15. Qe2 Na6 16. a3 f6 17. Rae1 f5 18. Qf2 Bc8 19. g3 Rb8 20. Rb1 d6 21. exd6 Bxd6 22. Qe1 Be7 23. Bxa5 Qd6 24. Ne5 Nc7 25. Bc3 Ne8 26. Qe3 Nf6 27. Rfe1 Rd8 28. h3 Re8 29. Kh2 Bd8 30. Qxc5 Qxc5 31. Nxc5 Ra8 32. a4 Bb6 33. Bb4 1-0